00618nam a22002057a 450000500170000001000130001702000220003003500130005203700160006504000120008108200200009310000170011324500680013026000460019827000430024430000280028750000510031565000130036665000330037920170124110033.0 aA-896298 c00.00a8173870713 aA-896298 bCen Lib/Ret adplbEN a390.095415bTHA aThakur, M.R. aMyths, rituals and beliefs in Himachal Pradesh /cby M.R.Thakur bIndus Publishing Companyc1997aNew Delhi aFS-5, Tagore GardenbNew Delhie110027 a188p. :c22cm(Hb)bill. aIncludes bibliographical references and index. aCustoms. aHistory of Himachal Pradesh.